000 00835cam a22002771a 4500
001 8357458
003 ARRUPE
005 20150908141213.0
008 921222s1949 iluaf 000 0 eng
010 _a 49010907
035 _a(OCoLC)27161295
040 _aDLC
_cINS
_dTxU-Da
_dOCoLC
_dDLC
041 1 _aeng
_hger
042 _apremarc
050 0 0 _aQ175
_b.W5117
082 _a504
100 1 _aWeizsäcker, Carl Friedrich,
_cFreiherr von,
_919500
245 1 4 _aThe history of nature /
_cC.F. von Weizsäcker ;
260 _aChicago :
_bUniversity of Chicago Press,
_cc1949.
300 _avi, 191 p.,
_c21 cm.
490 0 _aPhoenix books
500 _aTranslation of: Die Geschichte der Natur.
650 0 _aScience
_xPhilosophy.
_919501
906 _a7
_bcbc
_coclcrpl
_du
_encip
_f19
_gy-gencatlg
942 _2lcc
_cMONOGRAPH
999 _c123294
_d123294